Một thiên đường Spa
Giới thiệu về truyền thống dưỡng sinh, chăm sóc sức khỏe, giữ gìn vẽ đẹp có ý thức cho con người, văn hóa ẩm thực của người Việt, con người để sống trường thọ.
Đã lưu trong:
| Tác giả chính: | |
|---|---|
| Định dạng: | Sách |
| Năm xuất bản: |
H.
Giáo dục
2006
|
| Chủ đề: | |
| Tags: |
Thêm thẻ
Không có thẻ, Hãy là người đầu tiên gắn thẻ bản ghi này!
|
| LEADER | 00942nam a2200181 4500 | ||
|---|---|---|---|
| 082 | |a 613 |b H100B | ||
| 100 | |a Hà Bích Liên | ||
| 245 | |a Một thiên đường Spa |c Hà Bích Liên, Thái Hồng Loan, An Thành Đạt | ||
| 260 | |a H. |b Giáo dục |c 2006 | ||
| 300 | |a 200 tr. |c 24 cm. | ||
| 520 | |a Giới thiệu về truyền thống dưỡng sinh, chăm sóc sức khỏe, giữ gìn vẽ đẹp có ý thức cho con người, văn hóa ẩm thực của người Việt, con người để sống trường thọ. | ||
| 653 | |a Y học | ||
| 653 | |a Chăm sóc sức khỏe | ||
| 653 | |a Việt Nam | ||
| 942 | |2 ddc |c STK0 | ||
| 999 | |c 8978 |d 8978 | ||
| 952 | |0 0 |1 0 |2 ddc |4 0 |6 613_000000000000000_H100B |7 0 |8 600 |9 73670 |a qbu |b qbu |c D3 |d 2015-05-04 |g 97300 |o 613 H100B |p 8441.c1 |r 0000-00-00 |w 2015-05-04 |y STK0 | ||
| 952 | |0 0 |1 0 |2 ddc |4 0 |6 613_000000000000000_H100B |7 0 |8 600 |9 73671 |a qbu |b qbu |c D3 |d 2015-05-04 |g 97300 |o 613 H100B |p 8441.c2 |r 0000-00-00 |w 2015-05-04 |y STK0 | ||